Catálogo

Vista normal Vista MARC

Entrada Personal Name

Número de registros utilizados en: 1

001 - CONTROL NUMBER

  • control field: 17675

003 - CONTROL NUMBER IDENTIFIER

  • control field: DLC

005 - DATE AND TIME OF LATEST TRANSACTION

  • control field: 20251106092749.0

008 - FIXED-LENGTH DATA ELEMENTS

  • fixed length control field: 801203n| azannaab |n aaa

010 ## - LIBRARY OF CONGRESS CONTROL NUMBER

  • LC control number: n 80156537

035 ## - SYSTEM CONTROL NUMBER

  • System control number: (Uk)000610280

040 ## - CATALOGING SOURCE

  • Original cataloging agency: DLC
  • Language of cataloging: spa
  • Description conventions: rda
  • Transcribing agency: Mx-PuUPA
  • Modifying agency: DLC
  • Modifying agency: Uk
  • Modifying agency: Mx-PuUPA

046 ## - SPECIAL CODED DATES

  • Birth date: 1939

100 1# - HEADING--PERSONAL NAME

  • Personal name: Godbout, Jacques,
  • Dates associated with a name: 1939-

374 ## - OCCUPATION

  • Occupation: Autor

375 ## - GENDER

  • Gender: hombre

670 ## - SOURCE DATA FOUND

  • Source citation: Divay, G. Une politique de logement au Québec?

670 ## - SOURCE DATA FOUND

  • Source citation: His La démocratie des usagers, 1987:
  • Information found: t.p. (Jacques T. Godbout) p. 4 of cover (professeur-chercheur, Inst. nat. de la rec. scientifique, Montréal)

670 ## - SOURCE DATA FOUND

  • Source citation: NLC 12-16-87
  • Information found: (Godbout, Jacques, 1939- ; full name: Jacques T. Godbout)